000 00419nam a2200157Ia 4500
008 230312s9999||||xx |||||||||||||| ||und||
020 _a0-81-2970-353-X
082 _a658.403
_bROB
100 _aRobins Stephen P
245 0 _aDecide & Conquer
260 _bPearson
_aIndia
_c2004
300 _a190
546 _aEng.
650 _aManagement
_vdecision making shapes your life , the sarch for rationality
942 _cBK
999 _c1009
_d1009